<?xml version="1.0" encoding="UTF-8"?>
<collection xmlns="http://www.loc.gov/MARC21/slim">
 <record>
  <leader>01024nam a2200253 a 4500</leader>
  <controlfield tag="001">1/54414</controlfield>
  <controlfield tag="008">211113s1993    enkab         001 | eng d</controlfield>
  <datafield tag="020" ind1=" " ind2=" ">
   <subfield code="a">0006545998</subfield>
  </datafield>
  <datafield tag="040" ind1=" " ind2=" ">
   <subfield code="a">GR-PeUP</subfield>
  </datafield>
  <datafield tag="082" ind1="0" ind2="0">
   <subfield code="a">951.05092 CHA</subfield>
  </datafield>
  <datafield tag="100" ind1="1" ind2=" ">
   <subfield code="a">Chang, Jung, </subfield>
   <subfield code="d">1952-</subfield>
  </datafield>
  <datafield tag="245" ind1="0" ind2="0">
   <subfield code="a">Wild swans : </subfield>
   <subfield code="b">three daughters of China /</subfield>
   <subfield code="c">Jung Chang.</subfield>
  </datafield>
  <datafield tag="260" ind1=" " ind2=" ">
   <subfield code="a">London :</subfield>
   <subfield code="b">Flamingo,</subfield>
   <subfield code="c">1992.</subfield>
  </datafield>
  <datafield tag="300" ind1=" " ind2=" ">
   <subfield code="a">696 σ, [16] σ. με πίνακες :</subfield>
   <subfield code="b">εικ., 1 χάρτης, πορτρ., γενεαλογικοί πίνακες ; </subfield>
   <subfield code="c">18 εκ.</subfield>
  </datafield>
  <datafield tag="500" ind1=" " ind2=" ">
   <subfield code="a">Περιέχει ευρετήριο.</subfield>
  </datafield>
  <datafield tag="600" ind1="1" ind2="0">
   <subfield code="a">Chang, Jung, </subfield>
   <subfield code="d">1952-</subfield>
  </datafield>
  <datafield tag="600" ind1="1" ind2="0">
   <subfield code="a">Yang, Yu-fang,</subfield>
   <subfield code="d">1909-1969.</subfield>
  </datafield>
  <datafield tag="600" ind1="1" ind2="0">
   <subfield code="a">Xia, De-hong,</subfield>
   <subfield code="d">1931-</subfield>
  </datafield>
  <datafield tag="650" ind1=" " ind2="0">
   <subfield code="a">Women</subfield>
   <subfield code="z">China</subfield>
   <subfield code="x">Biography.</subfield>
  </datafield>
  <datafield tag="650" ind1=" " ind2="4">
   <subfield code="a">Γυναίκες</subfield>
   <subfield code="z">Κίνα</subfield>
   <subfield code="x">Βιογραφία.</subfield>
  </datafield>
  <datafield tag="651" ind1=" " ind2="0">
   <subfield code="a">China</subfield>
   <subfield code="x">History</subfield>
   <subfield code="x">Cultural Revolution</subfield>
   <subfield code="y">1966-1976.</subfield>
   <subfield code="x">Biography.</subfield>
  </datafield>
  <datafield tag="651" ind1=" " ind2="4">
   <subfield code="a">Κίνα</subfield>
   <subfield code="x">Ιστορία</subfield>
   <subfield code="y">20ός αι.</subfield>
  </datafield>
  <datafield tag="852" ind1=" " ind2=" ">
   <subfield code="a">INST</subfield>
   <subfield code="b">UNIPILB</subfield>
   <subfield code="c">MAIN</subfield>
   <subfield code="e">20211113</subfield>
   <subfield code="h">951.05092 CHA</subfield>
   <subfield code="p">00186846</subfield>
   <subfield code="q">00186846</subfield>
   <subfield code="t">LOAN</subfield>
   <subfield code="y">0</subfield>
   <subfield code="4">1</subfield>
  </datafield>
  <datafield tag="960" ind1=" " ind2=" ">
   <subfield code="a">ΑΛΜΠΑΝΗ ΤΑΝΙΑ</subfield>
  </datafield>
 </record>
</collection>
